Cation Diffusion in a Crystallite of Mineral Illite; Atomic Energy; Vol. 131, iss. 1
| Parent link: | Atomic Energy Vol. 131, iss. 1.— 2021.— [P. 22-26] |
|---|---|
| Korporativní autor: | |
| Další autoři: | , , , , |
| Shrnutí: | Title screen The results of quantum-chemical modeling of the interaction energy of an interlayer cation with the crystal structure of illite, which does not contain water molecules, are presented. It is shown that the binding energy of a single ion Li+, Rb+, and Cs+ within the working cell changes by the amount 5 eV for Li+, 25 eV for Rb+, and 110 eV for Cs+. Potential wells of the binding energy between an interlayer ion and illite are observed in the working cell. The Li+ potential wells touch and are oriented along the line connecting the Al atoms. The potential wells of the interlayer ions Rb+ and Cs+ are spatially limited. Li+, Rb+, and Cs+ ions cannot diffuse in a dry illite crystallite. Режим доступа: по договору с организацией-держателем ресурса |
| Jazyk: | angličtina |
| Vydáno: |
2021
|
| Témata: | |
| On-line přístup: | https://doi.org/10.1007/s10512-022-00831-1 |
| Médium: | MixedMaterials Elektronický zdroj Kapitola |
| KOHA link: | https://koha.lib.tpu.ru/cgi-bin/koha/opac-detail.pl?biblionumber=668100 |
MARC
| LEADER | 00000naa0a2200000 4500 | ||
|---|---|---|---|
| 001 | 668100 | ||
| 005 | 20250324112107.0 | ||
| 035 | |a (RuTPU)RU\TPU\network\39324 | ||
| 090 | |a 668100 | ||
| 100 | |a 20220617d2021 k||y0rusy50 ba | ||
| 101 | 1 | |a eng | |
| 102 | |a US | ||
| 135 | |a drgn ---uucaa | ||
| 181 | 0 | |a i | |
| 182 | 0 | |a b | |
| 200 | 1 | |a Cation Diffusion in a Crystallite of Mineral Illite |f V. F. Myshkin (Mishkin), Wang Cailun, I. V. Tuksov [et al.] | |
| 203 | |a Text |c electronic | ||
| 300 | |a Title screen | ||
| 320 | |a [References: 11 tit.] | ||
| 330 | |a The results of quantum-chemical modeling of the interaction energy of an interlayer cation with the crystal structure of illite, which does not contain water molecules, are presented. It is shown that the binding energy of a single ion Li+, Rb+, and Cs+ within the working cell changes by the amount 5 eV for Li+, 25 eV for Rb+, and 110 eV for Cs+. Potential wells of the binding energy between an interlayer ion and illite are observed in the working cell. The Li+ potential wells touch and are oriented along the line connecting the Al atoms. The potential wells of the interlayer ions Rb+ and Cs+ are spatially limited. Li+, Rb+, and Cs+ ions cannot diffuse in a dry illite crystallite. | ||
| 333 | |a Режим доступа: по договору с организацией-держателем ресурса | ||
| 461 | |t Atomic Energy | ||
| 463 | |t Vol. 131, iss. 1 |v [P. 22-26] |d 2021 | ||
| 610 | 1 | |a труды учёных ТПУ | |
| 610 | 1 | |a электронный ресурс | |
| 610 | 1 | |a микрочастицы | |
| 610 | 1 | |a квантово-химическое моделирование | |
| 701 | 1 | |a Myshkin (Mishkin) |b V. F. |c Physicist |c Professor of Tomsk Polytechnic University, Doctor of physical and mathematical sciences |f 1962- |g Vyacheslav Fedorovich |3 (RuTPU)RU\TPU\pers\31492 |9 15653 | |
| 701 | 0 | |a Wang Cailun | |
| 701 | 1 | |a Tuksov |b I. V. |g Iljya Vladimirovich | |
| 701 | 1 | |a Khan |b V. A. |c physicist |c Associate Professor of Tomsk Polytechnic University, Doctor of technical sciences |f 1952- |g Valery Alekseevich |3 (RuTPU)RU\TPU\pers\31988 |9 16048 | |
| 701 | 1 | |a Eremeev |b R. S. |g Roman Semyonovich | |
| 712 | 0 | 2 | |a Национальный исследовательский Томский политехнический университет |b Инженерная школа ядерных технологий |b Отделение ядерно-топливного цикла |3 (RuTPU)RU\TPU\col\23554 |
| 801 | 0 | |a RU |b 63413507 |c 20220617 |g RCR | |
| 856 | 4 | |u https://doi.org/10.1007/s10512-022-00831-1 | |
| 942 | |c CF | ||